000
00249nam a2200097Ia 4500
008
120527s9999 xx 000 0 und d
100
_a
Akoroda,M.O
245
_a
Promotion of root crop-based industries:An incentive
260
_b
I.T Pub
942
_c
BK
999
_c
20630
_d
20630